000
00304nam a22001337a 4500
008
160511b xxu||||| |||| 00| 0 eng d
020
_a
9781603012621
020
_a
9781603012621
020
_a
1603012621
041
_a
eng
080
_a
61
245
_a
Issues life science:
_c
Lab aids;
942
_2
udc
_c
BK
999
_c
2016
_d
2016